[Event "VIE-chT"]
[Site "Hanoi"]
[Date "2023.04.21"]
[Round "6"]
[White "Nguyen, Duc Huan"]
[Black "Doan, Nguyen Quoc Thinh"]
[Result "1-0"]
[WhiteElo "1963"]
[BlackElo "1927"]
[PlyCount "74"]
[EventDate "2023.04.18"]
[EventType "swiss"]
[EventRounds "9"]
[EventCountry "VIE"]
[SourceTitle "EXT 2024"]
[Source "ChessBase"]
[SourceDate "2023.10.10"]
[SourceVersion "1"]
[SourceVersionDate "2023.10.10"]
[SourceQuality "1"]

1. e4 c5 2. Nf3 d6 3. d4 cxd4 4. Nxd4 Nf6 5. Nc3 a6 6. Bd3 e5 7. Nf3 Be7 8. 0-0 Be6 9. h3 h6 10. Be3 Nbd7 11. a4 Rc8 12. a5 d5 13. exd5 Nxd5 14. Nxd5 Bxd5 15. Re1 e4 16. c4 Bc6 17. Bxe4 Bxe4 18. Nd2 Bg6 19. Qf3 0-0 20. Qxb7 Nc5 21. Bxc5 Bxc5 22. Rad1 Qh4 23. Rf1 Bh5 24. Rde1 Rb8 25. Qxa6 Rxb2 26. Ne4 Re8 27. Nf6+ gxf6 28. Rxe8+ Kg7 29. Qc8 Bxf2+ 30. Kh1 Qf4 31. Rg8+ Kh7 32. Rh8+ Kg6 33. Rg8+ Kh7 34. Qf8 Qg5 35. Rxg5 hxg5 36. Qa3 Re2 37. a6 Ba7 1-0

[Event "VIE-chT"]
[Site "Hanoi"]
[Date "2023.04.19"]
[Round "3"]
[White "Doan, Nguyen Quoc Thinh"]
[Black "Nguyen, Huu Hoang Anh"]
[Result "0-1"]
[WhiteElo "1927"]
[BlackElo "1945"]
[PlyCount "132"]
[EventDate "2023.04.18"]
[EventType "swiss"]
[EventRounds "9"]
[EventCountry "VIE"]
[SourceTitle "EXT 2024"]
[Source "ChessBase"]
[SourceDate "2023.10.10"]
[SourceVersion "1"]
[SourceVersionDate "2023.10.10"]
[SourceQuality "1"]

1. Nf3 g6 2. g3 Bg7 3. c4 d6 4. Bg2 e5 5. d4 e4 6. Ng5 f5 7. h4 h6 8. Nh3 Ne7 9. Be3 0-0 10. Qd2 Kh7 11. Nf4 Qe8 12. Nc3 c6 13. f3 exf3 14. Bxf3 Qf7 15. b3 Nd7 16. Rc1 Nf6 17. 0-0 Bd7 18. Rfd1 Rae8 19. Kg2 Kg8 20. d5 c5 21. Ne6 Bxe6 22. dxe6 Qxe6 23. Bxh6 Bxh6 24. Qxh6 Ng4 25. Bxg4 fxg4 26. Rd3 Nf5 27. Qd2 Ne3+ 28. Rxe3 Qxe3 29. Qxe3 Rxe3 30. Rc2 a6 31. Nd5 Re5 32. Nf4 Kf7 33. Rd2 Rd8 34. Kf2 b5 35. Nd3 Rf5+ 36. Nf4 b4 37. e4 Re5 38. Nd3 Ke6 39. Nxe5 Kxe5 40. Ke3 Rf8 41. Rd5+ Ke6 42. Rg5 Rf3+ 43. Ke2 Rxg3 44. Rxg6+ Ke5 45. Kf2 Rh3 46. Rxg4 Rh2+ 47. Ke3 Rxa2 48. Rg5+ Kf6 49. Kd3 Rb2 50. e5+ dxe5 51. Ke4 Rxb3 52. Rf5+ Ke6 53. Rxe5+ Kd6 54. Rg5 a5 55. Rg6+ Kc7 56. Kd5 a4 57. Kxc5 a3 58. Ra6 Rb2 59. h5 a2 60. h6 b3 61. h7 Rh2 62. Ra7+ Kb8 63. Ra3 Rxh7 64. Rxb3+ Rb7 65. Ra3 Ra7 66. Rxa7 Kxa7 0-1